Elementos de agroclimatología (Registro nro. 8192)

Detalles MARC
000 -CABECERA
Campo de control 00691nam a22002057a 4500
005 - FECHA Y HORA DE LA ULTIMA TRANSACCION
Campo de control 20140303105936.0
008 - ELEMENTOS DE LONGITUD FIJA—INFORMACION GENERAL
Campo de control 140303t2008 ck abd gr|||| 00| 0 spa d
020 ## - ISBN
ISBN 9789588097251
041 ## - IDIOMA
Código de idioma para texto/pista de sonido o título separado Español
044 ## - PAÍS DE PUBLICACIÓN
País de publicación Colombia
082 ## - NUMERO DE CLASIFICACION DECIMAL DEWEY
Número de clasificación 630.098
Número del ítem R17e
100 1# - ASIENTO PRINCIPAL--NOMBRE PERSONAL
Nombre personal Ramirez Builes, Victor Hugo
245 1# - MENCION DE TITULO
Título Elementos de agroclimatología
Mención de responsabilidad Victor Hugo Ramirez Builes, Megh Raj Goyal
260 3# - PUBLICACION, DISTRIBUCION, ETC. (PIE DE IMPRENTA)
Lugar de publicación, distribución, etc. Risaralda
Nombre del editor, distribuidor, etc. Unisarc
Fecha de publicación, distribución, etc. 2008
300 ## - DESCRIPCION FISICA
Extensión 263 p.
Otros detalles físicos il., mapas, tablas, gráficas
Dimensiones 24 cm
504 ## - NOTA DE BIBLIOGRAFIA, ETC.
Nota de bibliografía Incluye bibliografía (páginas 231 y 232), glosario e indice
650 #4 - ASIENTO SECUNDARIO DE MATERIA - TERMINO TEMATICO
Término temático o nombre geográfico como elemento de entrada Agronomía
Subdivisión general Principios Climaticos
Subdivisión geográfica Colombia
700 1# - ASIENTO SECUNDARIO - NOMBRE PERSONAL
Nombre personal Goyal, Megh Raj
942 ## - ELEMENTOS ADICIONALES (KOHA)
Sistema de clasificación Dewey Decimal Classification
Tipo de ítem Impreso
Existencias
Withdrawn status Lost status Sistema de Clasificación Damaged status No para préstamo Colección Inventariado Ubicación Permanente Ubicación actual Fecha de adquisición Fuente de Valor Valor Total Checkouts Número topográfico Inventario / Código de Barras Date last seen Ejemplar Price effective from Forma de adquisición Tipo de material
    Dewey Decimal Classification     General Inventariado 2017 Bogotá Bogotá 03/03/2014 Instituto 39000.00   LB-630.098 R17e 034018 03/03/2014 Ej. 1 03/03/2014   Libro